000 01088nam a22002657a 4500
005 20080923102150.0
008 080923t xxu||||| |||| 00| 0 eng d
010 _aENG-91057
020 _c80.00
_a9788186017616
035 _aEN-74590
035 _aG-001361
037 _bDBAD / PUB
040 _adpl
_bEnglish
082 _a791.43
100 _aBhowmik, Someswar
_934218
245 _aBehind the Glitz :
_cby Someswar Bhowmik
_bexploring an enigma called Indian film industry /
260 _aKolkata
_bThema
_c2008
270 _bKolkata
_a46 Satish Mukherjee Road,
_e700026
300 _axi, 115p.
_c22cm (pbk)
500 _aIncludes bibliographical references
650 _aMotion picture industry
_zIndia
_934219
942 _2ddc
_cEN
_mBHO
_h791.43
999 _c15623
_d15623